| 000 | 00505nam a22001457a 4500 | ||
|---|---|---|---|
| 008 | 230622b |||||||| |||| 00| 0 eng d | ||
| 020 | _a0-7277-0097-9 | ||
| 040 |
_aNational Science Library _cNational Science Library |
||
| 080 |
_a627.12(082.2) _bM0 |
||
| 245 |
_aWater resources: _bA changing strategy ? _c/ Proceedings of the conference held in London 2-5 October, 1979 |
||
| 260 |
_aLondon: _bThe Institution of Civil Engineers, _c1980 |
||
| 300 | _a214p. | ||
| 650 | _aProceedings | ||
| 942 |
_2udc _cPR |
||
| 999 |
_c46362 _d46362 |
||